[Event "St Jean op"]
[Site "St Jean sur Richelieu"]
[Date "2004.06.25"]
[Round "1"]
[White "Esculier, Stephane"]
[Black "Saillant, Benoit"]
[Result "0-1"]
[WhiteElo "1440"]
[BlackElo "1183"]
[PlyCount "72"]
[EventDate "2004.06.??"]
[EventType "swiss"]
[EventRounds "5"]
[EventCountry "CAN"]
[SourceTitle "EXT 2006"]
[Source "ChessBase"]
[SourceDate "2005.11.24"]
[SourceVersion "1"]
[SourceVersionDate "2005.11.24"]
[SourceQuality "1"]

1. e4 d6 2. d4 Nf6 3. Nc3 g6 4. f4 Bg7 5. Nf3 c5 6. Be3 Ng4 7. Qd2 Nxe3 8. Qxe3 cxd4 9. Nxd4 Qb6 10. Bb5+ Nc6 11. 0-0-0 0-0 12. Bxc6 bxc6 13. Rhe1 Be6 14. Nxe6 Qxe3+ 15. Rxe3 fxe6 16. Rf1 Bh6 17. Ne2 e5 18. g3 exf4 19. gxf4 e5 20. Ref3 d5 21. exd5 cxd5 22. Kb1 e4 23. Rg3 Bg7 24. Re3 Rae8 25. Ng3 Bd4 26. Re2 e3 27. c3 Bb6 28. Kc2 h5 29. h4 Bc7 30. Rg1 Rxf4 31. Nxh5 Rf2 32. Rxg6+ Kh7 33. Rg2 Rxg2 34. Rxg2 e2 35. Kd2 e1Q+ 36. Kd3 Qe4+ 0-1